Statistics for Locations by Letter - E

Click here to take the quiz!

General Stats

  • This quiz has been taken 41,758 times
  • The average score is 14 of 20

Answer Stats

DescriptionLocation% Correct
World's tallest mountainEverest
98%
Country of pharaohsEgypt
98%
One of the seven continentsEurope
96%
Garden home of Adam and EveEden
95%
Capital of ScotlandEdinburgh
87%
Third rock from the sunEarth
86%
South American countryEcuador
85%
One of the Baltic republicsEstonia
79%
One of the Great LakesErie
77%
Twice the tallest building in NYCEmpire State Building
77%
Capital city of OzEmerald City
65%
Haile Selassie's countryEthiopia
62%
England's most famous
boarding school
Eton
60%
Mythical city of gold in
South America
El Dorado
51%
Home of the NHL's OilersEdmonton
48%
Former name of TokyoEdo
44%
Heaven, to the ancient Greeks{Elysian} Fields
41%
Simpsons' street{Evergreen} Terrace
39%
This royal throne of kings,
this sceptered isle
England
34%
Forest moon of the EwoksEndor
34%

Score Distribution

Percentile by Number Answered

Percent of People with Each Score

Your Score History

You have not taken this quiz